| 000 | 00345nam a2200133Ia 4500 | ||
|---|---|---|---|
| 008 | 150201s2010 xx 000 0 und d | ||
| 082 |
_a614.1 _bM10P |
||
| 100 | _aPARIKH,CK | ||
| 245 | _aPARIKH'S TB OF MEDICAL JURISPRUDENCE F.MED.TOXICOLOGY | ||
| 250 | _a6TH | ||
| 260 |
_bCBS _aDELHI _c2010 |
||
| 650 | _aCOMMUNITY MEDICINE | ||
| 942 |
_2ddc _cBK _04 |
||
| 999 |
_c1101 _d1101 |
||